1930 1619 1579 1794 1242 1731 1986 1133 1905 1844 1199 1257 1355 1863 1303 1985 1744 1468 1206 1154 1323 1345 1521 1313 2000 1274 1901 1586 1617 1430 1249 1152 1018 1316 1882 1673 1355 1514 1497 1303 1984 1697 1109 1141 1733 1646 1987 1975 1419 1228 1762 1506 1921 1994 1848 1915 1874 1717 1895 1709 1429 1609 1152 1419 1875 1873 1549 1752 1399 1888 1040 1078 1414 1897 1653 1936 1960 1496 1127 1684 1562 1637 1935 1581 1133 1581 1271 1088 1455 1994 1590 1188 1473 1661 1599 1601 1901 1272 1626 BCNSPRNW ULIB Ver.6.0+V

เปลี่ยนเป็นภาษาไทย

Change to English
 แสดงรายละเอียดบรรณานุกรม
  กลับหน้าหลัก

Brief Record : Get Marc (ISO 2709) : E-mail record : QR code < ปิดหน้าต่าง
LEADER : 00000nam 2200000uu 4500
001    13399126658
003     ULIB
008    190204s2561||||th 000 0 tha d
020    ^a9786169218746
060 04 ^aWQ200^bพ941ว
245 00 ^aวิทยาการก้าวหน้าในการบริบาลปริกำเนิด=Update and Practical Points in Perinatal Care /^cบรรณาธิการ, เพิ่มศักดิ์ สุเมฆศรี ...[และคนอื่นๆ]
250    ^aพิมพ์ครั้งที่ 1
260    ^aกรุงเทพฯ :^bสมาคมเวชศาสตร์ปริกำเนิดแห่งประเทศไทย,^c2561.
300    ^a167 หน้า :^bภาพประกอบ ;^c30 ซม.
650  4 ^aการคลอด
650  4 ^aครรภ์
650  4 ^aทารกแรกเกิด
650  4 ^aมารดาวัยรุ่น
650  4 ^aภาวะแทรกซ้อนขณะมีครรภ์
650  4 ^aสูติศาสตร์
700 0  ^aเพิ่มศักดิ์ สุเมฆศรี ,^eบรรณาธิการ
700 0  ^aพจนีย์ ผดุงเกียรติวัฒนา ,^eบรรณาธิการ
700 0  ^aณัฐฐิณี ศรีสันติโรจน์ ,^eบรรณาธิการ
700 0  ^aนาเรศ วงศ์ไพฑูรย์ ,^eบรรณาธิการ
710 2  ^aสมาคมเวชศาสตร์ปริกำเนิดแห่งประเทศไทย
945    ^p400^l0^i005143
945    ^p400^l0^i005142
945    ^p400^l0^i005138
945    ^p400^l0^i005139
945    ^p400^l0^i005140
945    ^p400^l0^i005141
945    ^p400^l0^i005820
945    ^p400^l0^i005819
945    ^p400^l0^i005823
945    ^p400^l0^i005822
945    ^p400^l0^i005821
999    ^aประนอม เกษจรัล
รายการนี้ยังไม่มีแท็ก
คุณยังไม่ได้ล็อกอิน คุณสามารถมีกิจกรรมร่วมกับเว็บไซต์ได้ แต่ต้องล็อกอินก่อน ::
  ล็อกอิน

รายการสื่อสารสนเทศ

ลำดับที่ ประเภท เลขเรียก/บาร์โค้ด สถานที่ สถานะ
1. วิทยาศาสตร์การแพทย์ และสุขภาพ
หนังสือสำรอง
สถานะ=หนังสือสำรอง
WQ200 พ941ว ฉ.1 
  Barcode: 005138
ห้องสมุดวิทยาเขตสวรรค์ประชารักษ์
►หนังสือทั่วไป
บนชั้น
2. วิทยาศาสตร์การแพทย์ และสุขภาพ
วิทยาศาสตร์การแพทย์ และสุขภาพ
WQ200 พ941ว ฉ.10 
  Barcode: 005822
ห้องสมุดวิทยาเขตสวรรค์ประชารักษ์
►หนังสือทั่วไป
บนชั้น
3. วิทยาศาสตร์การแพทย์ และสุขภาพ
วิทยาศาสตร์การแพทย์ และสุขภาพ
WQ200 พ941ว ฉ.11 
  Barcode: 005823
ห้องสมุดวิทยาเขตสวรรค์ประชารักษ์
►หนังสือทั่วไป
บนชั้น
4. วิทยาศาสตร์การแพทย์ และสุขภาพ
วิทยาศาสตร์การแพทย์ และสุขภาพ
WQ200 พ941ว ฉ.2 
  Barcode: 005139
ห้องสมุดวิทยาเขตสวรรค์ประชารักษ์
►หนังสือทั่วไป
บนชั้น
5. วิทยาศาสตร์การแพทย์ และสุขภาพ
วิทยาศาสตร์การแพทย์ และสุขภาพ
WQ200 พ941ว ฉ.3 
  Barcode: 005140
ห้องสมุดวิทยาเขตสวรรค์ประชารักษ์
►หนังสือทั่วไป
บนชั้น
6. วิทยาศาสตร์การแพทย์ และสุขภาพ
วิทยาศาสตร์การแพทย์ และสุขภาพ
WQ200 พ941ว ฉ.4 
  Barcode: 005141
ห้องสมุดวิทยาเขตสวรรค์ประชารักษ์
►หนังสือทั่วไป
บนชั้น
7. วิทยาศาสตร์การแพทย์ และสุขภาพ
วิทยาศาสตร์การแพทย์ และสุขภาพ
WQ200 พ941ว ฉ.5 
  Barcode: 005142
ห้องสมุดวิทยาเขตสวรรค์ประชารักษ์
►หนังสือทั่วไป
บนชั้น
8. วิทยาศาสตร์การแพทย์ และสุขภาพ
วิทยาศาสตร์การแพทย์ และสุขภาพ
WQ200 พ941ว ฉ.6 
  Barcode: 005143
ห้องสมุดวิทยาเขตสวรรค์ประชารักษ์
►หนังสือทั่วไป
บนชั้น
9. วิทยาศาสตร์การแพทย์ และสุขภาพ
วิทยาศาสตร์การแพทย์ และสุขภาพ
WQ200 พ941ว ฉ.7 
  Barcode: 005819
ห้องสมุดวิทยาเขตสวรรค์ประชารักษ์
►หนังสือทั่วไป
บนชั้น
10. วิทยาศาสตร์การแพทย์ และสุขภาพ
วิทยาศาสตร์การแพทย์ และสุขภาพ
WQ200 พ941ว ฉ.8 
  Barcode: 005820
ห้องสมุดวิทยาเขตสวรรค์ประชารักษ์
►หนังสือทั่วไป
บนชั้น
11. วิทยาศาสตร์การแพทย์ และสุขภาพ
วิทยาศาสตร์การแพทย์ และสุขภาพ
WQ200 พ941ว ฉ.9 
  Barcode: 005821
ห้องสมุดวิทยาเขตสวรรค์ประชารักษ์
►หนังสือทั่วไป
บนชั้น

รายการใกล้เคียง
    หัวเรื่อง [การคลอด]
    หัวเรื่อง [ครรภ์]
    หัวเรื่อง [ทารกแรกเกิด]
    หัวเรื่อง [มารดาวัยรุ่น]
    หัวเรื่อง [ภาวะแทรกซ้อนขณะมีครรภ์]
    หัวเรื่อง [สูติศาสตร์]

BibComment


ยังไม่เคยถูกคอมเมนท์

คอมเมนท์ทรัพยากรรายการนี้
  คอมเมนท์: วิทยาการก้าวหน้า..


 Copyright 2026. Bcnsprnw @Library